banner koha

Observações sobre o ciclo de vida da corvina Micropogonias furnieri (Desmarest)(Teleostei, Sciaenidae), no litoral do Estado do Paraná, Brasil (Registro n. 194603)

MARC details
000 -LÍDER
campo de controle de tamanho fixo 00818nas a2200241 4500
001 - NÚMERO DE CONTROLE
campo de controle BR0801884
003 - IDENTIFICADOR DO NÚMERO DE CONTROLE
campo de controle BR-BrBNA
005 - DATA E HORÁRIO DA ÚLTIMA TRANSAÇÃO
campo de controle 20231205111819.0
007 - CAMPO FIXO DE DESCRIÇÃO FÍSICA--INFORMAÇÃO GERAL
campo de controle de tamanho fixo ta
008 - CAMPO DE DADOS FIXOS--INFORMAÇÃO GERAL
campo de controle de tamanho fixo 230509b bl.|||p| |||| 00| 00por d
040 ## - FONTE DA CATALOGAÇÃO
Instituição da catalogação original BR-BrBNA
Idioma da catalogação por
Instituição que transcreveu o registro Biblioteca Nacional de Agricultura
072 ## - CÓDIGO DE CATEGORIA DE ASSUNTO
Código de Categoria de Assunto M40; L60
100 1# - ENTRADA PRINCIPAL--NOME PESSOAL
Nome pessoal Robert, M. de C.
100 1# - ENTRADA PRINCIPAL--NOME PESSOAL
Nome pessoal Chaves, P. de T. C.
245 1# - TÍTULO
Título Observações sobre o ciclo de vida da corvina Micropogonias furnieri (Desmarest)(Teleostei, Sciaenidae), no litoral do Estado do Paraná, Brasil
650 ## - ASSUNTO--TERMO TÓPICO
Cabeçalho tópico ou nome geográfico PEIXE MARINHO
650 ## - ASSUNTO--TERMO TÓPICO
Cabeçalho tópico ou nome geográfico ECOLOGIA ANIMAL
650 ## - ASSUNTO--TERMO TÓPICO
Cabeçalho tópico ou nome geográfico CORVINA
650 ## - ASSUNTO--TERMO TÓPICO
Cabeçalho tópico ou nome geográfico PARANÁ
773 0# - ENTRADA ANALÍTICA
Título Revista Brasileira de Zoologia (Brazil)
ISSN - International Standard Serial Number ISSN 0101-8175
Partes relacionadas (Jun 2001), v. 18(2) p. 421-428
Número de controle do registro BR0801884
909 ## -
-- 202311
-- Lúcia
-- 55
-- Lúcia Elande
942 ## - ELEMENTOS DE ENTRADA ADICIONADOS (KOHA)
Fonte da classificação ou esquema de arquivamento na estante Classificação AGRIS
Ocultar no OPAC Não
Tipo de material Koha Analítica
Exemplares
Situação do descarte Fonte da classificação ou esquema de arquivamento na estante Situação física Não pode ser emprestado Biblioteca de origem Biblioteca atual Localização na estante Enumeração do periódico / cronologia Total de empréstimos Data de último acesso Número do exemplar Tipo de material Koha Fonte de aquisição
  Classificação AGRIS   Consulta local Biblioteca Nacional de Agricultura - Binagri Biblioteca Nacional de Agricultura - Binagri   (Jun 2001), v. 18(2) p. 421-428   29/11/2023 01 Periódicos Portaria Interministerial nº 164/94

BINAGRI

Telefone: (61)3218-2567/2388/3357/2097 - binagri@agro.gov.br

Ministério da Agricultura e Pecuária , Esplanada dos Ministérios, Bloco D, Anexo B, Brasília/DF, CEP: 70.043-900